Igazság és emlékezés

Elmentve itt :
Bibliográfiai részletek
Szerző: KÉZDY Balázs
Adatforrás:Meister
Forrásdokumentuma:A Hét. -
40 sz., 1997, 3 p.
Nyelv:magyar
Kulcsszavak:filozófia
hermeneutika
memória
igazság
tolerancia
pluralizmus
értelmezés
GADAMER Hans-Georg
MÁTÉ Zsuzsa
PATAPIEVICI Horia-Roman
SCHÜTZ Alfred
ALBERT Hans
HAMVAS Béla
CIORAN Emil
LEADER 00691nab a2200277 i 4500
001 bibPRO00007236
008 060524s1997 xx hun
040 |a Sz1 
041 |a hun 
100 1 |a KÉZDY Balázs 
245 1 0 |a Igazság és emlékezés  |c KÉZDY Balázs 
695 |a filozófia 
695 |a hermeneutika 
695 |a memória 
695 |a igazság 
695 |a tolerancia 
695 |a pluralizmus 
695 |a értelmezés 
695 |a GADAMER Hans-Georg 
695 |a MÁTÉ Zsuzsa 
695 |a PATAPIEVICI Horia-Roman 
695 |a SCHÜTZ Alfred 
695 |a ALBERT Hans 
695 |a HAMVAS Béla 
695 |a CIORAN Emil 
773 0 |t A Hét. -  |g 40 sz., 1997, 3 p.